Impacto de la política centroamericana de Arias en las relaciones con Estados Unidos /
Versa sobre el problema centroamericano y su relación con Estados Unidos, enfocándose en la política de Oscar Arias, así como las consecuencias que este plan puede traer en las relaciones con EEUU, como es el de disminuier la preocupación por la invasión norteamericana, el acercamiento entre los gob...
שמור ב:
| מחבר ראשי: | |
|---|---|
| פורמט: | Texto |
| נושאים: | |
| תגים: |
הוספת תג
אין תגיות, היה/י הראשונ/ה לתייג את הרשומה!
|
MARC
| LEADER | 00000 a a2200000 04500 | ||
|---|---|---|---|
| 001 | 2874 | ||
| 003 | |||
| 040 | |||
| 100 | |a Sojo Obando, Carlos | ||
| 245 | |a Impacto de la política centroamericana de Arias en las relaciones con Estados Unidos / |c Carlos Sojo Obando | ||
| 520 | |a Versa sobre el problema centroamericano y su relación con Estados Unidos, enfocándose en la política de Oscar Arias, así como las consecuencias que este plan puede traer en las relaciones con EEUU, como es el de disminuier la preocupación por la invasión norteamericana, el acercamiento entre los gobiernos centroamericanos y el cese del fuego. OB/EL | ||
| 650 | |a POLITICA EXTERIOR | ||
| 650 | |a AYUDA ECONOMICA | ||
| 650 | |a POLITICA ECONOMICA | ||
| 650 | |a DEPENDENCIA ECONOMICA | ||
| 650 | |a PLANES DE PAZ | ||
| 650 | |a INTERVENCION EXTRANJERA | ||
| 650 | |a GUERRA | ||
| 650 | |a DERECHOS HUMANOS | ||
| 650 | |a PROBLEMAS POLITICOS | ||
| 650 | |a DEMOCRATIZACION | ||
| 773 | |g número 2; páginas 7-10 | ||
| 999 | |c 36483 |d 36483 | ||
